Manual de evaluación de impacto ambiental: técnicas para la elaboración de estudios de impacto
Збережено в:
| Автор: | |
|---|---|
| Формат: | Книга |
| Мова: | Іспанська |
| Опубліковано: |
Madrid, España
McGraw Hill
1998
|
| Редагування: | Segunda edición |
| Серія: | Manuales de McGraw Hill de Ingeniería y Ciencia
|
| Предмети: | |
| Теги: |
Додати тег
Немає тегів, Будьте першим, хто поставить тег для цього запису!
|
MARC
| LEADER | 00000nam a2200000 a 4500 | ||
|---|---|---|---|
| 001 | UCQ2589 | ||
| 003 | CL-VaPUC | ||
| 005 | 20230124074418.0 | ||
| 008 | 980724e19980000SP |||||||||||||||||spa|d | ||
| 999 | |c 273390 |d 273388 | ||
| 020 | |a 8448112512 | ||
| 040 | |c Pontificia Universidad Católica de Valparaíso | ||
| 082 | 0 | 4 | |a 344.046 CAN 1998 |2 21 |
| 100 | 0 | |a Canter, Larry W |9 416571 | |
| 245 | 1 | 0 | |a Manual de evaluación de impacto ambiental: técnicas para la elaboración de estudios de impacto |
| 250 | |a Segunda edición | ||
| 260 | 0 | 3 | |a Madrid, España |b McGraw Hill |c 1998 |
| 300 | |a 841 páginas | ||
| 490 | 0 | |a Manuales de McGraw Hill de Ingeniería y Ciencia | |
| 583 | |a last modification |c 19980724 00:00:00 |k Rodrigo Vera | ||
| 650 | 0 | |a Impacto ambiental |9 262796 | |
| 650 | 0 | |a Gestión ambiental |9 338121 | |
| 650 | 0 | |a Medio ambiente |9 257625 | |
| 650 | 0 | |a Evaluación |9 271902 | |
| 650 | 7 | |a SUELO |2 CL-VaPUC |9 348469 | |
| 650 | 0 | |a Aguas subterráneas |9 260378 | |
| 942 | |c BK |2 ddc | ||
| 945 | |d 19980724 00:00:00 |a aarredon | ||
| 952 | |0 0 |1 0 |2 ddc |4 0 |6 344_046000000000000_CAN_1998 |7 0 |8 A |9 308907 |a BIBING |b BIBING |d 2019-11-20 |i 3464792 |o 344.046 CAN 1998 |p 3464792 |r 2025-01-20 |t 2 |w 2019-11-20 |y BK |k EIQ | ||
| 952 | |0 0 |1 0 |2 ddc |4 0 |6 344_046000000000000_CAN_1998 |7 0 |8 F |9 308908 |a BIBMEC |b BIBMEC |d 2019-11-20 |i 3578461 |o 344.046 CAN 1998 |p 3578461 |r 2024-01-19 |t 6 |w 2019-11-20 |y BK_F |k MEC | ||
| 952 | |0 0 |1 0 |2 ddc |4 0 |6 344_046000000000000_CAN_1998 |7 0 |8 A |9 308909 |a BIBING |b BIBING |d 2019-11-20 |i 3588467 |o 344.046 CAN 1998 |p 3588467 |r 2025-01-20 |t 3 |w 2019-11-20 |y BK |k CCL | ||
| 952 | |0 0 |1 0 |2 ddc |4 0 |6 344_046000000000000_CAN_1998 |7 0 |8 A |9 308910 |a BIBING |b BIBING |d 2019-11-20 |i 3591190 |o 344.046 CAN 1998 |p 3591190 |r 2025-01-20 |t 4 |w 2019-11-20 |y BK |k EII | ||
| 952 | |0 0 |1 0 |2 ddc |4 0 |6 344_046000000000000_CAN_1998 |7 0 |8 A |9 308911 |a BIBAGR |b BIBAGR |d 2019-11-20 |i 3847993 |l 1 |o 344.046 CAN 1998 |p 3847993 |r 2025-01-20 |s 2022-08-19 |t 5 |w 2019-11-20 |y BK |k AGR | ||
| 952 | |0 0 |1 0 |2 ddc |4 0 |6 344_046000000000000_CAN_1998 |7 0 |8 A |9 308912 |a BIBCUR |b BIBCUR |d 2019-11-20 |i 4049101 |o 344.046 CAN 1998 |p 4049101 |r 2025-04-22 |t 1 |w 2019-11-20 |y BK |k BIO | ||